00729cam a22002531 4500001001300000003000400013005001700017008004100034010001700075035001900092040003900111042001200150043001200162050002200174100001900196245004700215260002200262300003400284440003100318504004000349650003800389650003100427999001700458gs 50000270 DLC20260227111357.0811013s1950 gw b b 000 0 ger c ags 50000270  a(OCoLC)7844196 aU.S. Geol. Survey Libr.cTxHRdDLC apremarc ae-gx---00aQE269b.G36 Nr. 21 aAbele, Gustav.14aDie Heil- und Mineralquellen Südbayerns. aMünchen,c1950. a112 p.b2 fold. maps.c24 cm. 0aGeologica bavarica,vNr. 2 a"Schriftenverzeichnis": p. 107-112. 0aMineral waterszGermanyzBavaria. 0aSpringszGermanyzBavaria. c28502d28502